000 01285nam0a22002651 4500
001 rc\776705
005 20250622130512.0
035 _a(NLR Aleph) 006302816
090 _a7269378
_c7269378
100 _a20040301d1983 |||y0rusy50 ca
101 0 _arus
102 _aRU
105 _ay |||||||||
200 1 _aАнтивоенные движения и борьба идей
_e[Науч.-информ. сб.]
_fСекция "Социал. аспекты антивоен. движения", Науч. совет. по исслед. пробл. мира и разоружения, Ин-т междунар. рабочего движения АН СССР
_g[Подгот. д. ф. н. Л.М. Митрохиным и др.
_gОтв. ред. к. и. н. С.В. Патрушев]
210 _aМ.
_cБ. и.
_d1983
215 _a[3], 44 л.
_d30
225 1 _aОбзоры, информационные исследования
300 _aЗагл. обл.: Социальные аспекты антивоенного движения
333 _aДСП. Экз. № 94
512 0 _aСоциальные аспекты антивоенного движения
801 0 _aRU
_bNLR
_gpsbo
801 1 _aRU
_bELAR
_2rusmarc
852 _aNLR
_j83-50К/4100
942 _cBOOK
980 _aNB